広島県に所在する大学 - Statistics

General Stats
  • This quiz has been taken 9 times
  • The average score is 12 of 21
Answer Stats
Hint Answer % Correct
国立 広島大学
100%
私立 福山大学
100%
公立 県立広島大学
89%
公立 尾道市立大学
89%
公立 福山市立大学
89%
私立 広島国際大学
89%
公立 広島市立大学
78%
私立 広島経済大学
78%
私立 広島修道大学
78%
私立 安田女子大学
78%
公立 叡啓大学
67%
私立 広島工業大学
67%
私立 広島女学院大学
33%
私立 福山平成大学
33%
私立 エリザベト音楽大学
22%
私立 広島文教大学
22%
私立 比治山大学
22%
私立 広島文化学園大学
22%
私立 広島国際学院大学
11%
私立 日本赤十字広島看護大学
11%
私立 広島都市学園大学
11%
No matching quizzes found
Score Distribution
Percent of People with Each Score
Percentile by Number Answered
Your Score History
You have not taken this quiz